000 00379pab a2200157 454500
008 180718b2009 xxu||||| |||| 00| 0 eng d
100 _aJayaraman, T.
245 _aThe new hullabaloo over nuclear testing
260 _c2009
300 _ap.10-13.
362 _a3 Oct
650 _aNuclear weapons
773 _aEconomic and Political Weekly
908 _aN
909 _a83902
999 _c83902
_d83902